| 000 | 00685nam a2200229 a 4500 | ||
|---|---|---|---|
| 008 | |||
| 020 | _a015502907X (pbk.) | ||
| 049 | _aMAIN | ||
| 090 | _aHB139 | ||
| 100 | 1 | _aLott, William F. | |
| 245 | 1 | 0 |
_aApplied Econometrics : _bproblems with data sets / _cWilliam F. Lott, Subhash C. Ray |
| 260 |
_aFort Worth : _bThe Dryden Press, _c1992. |
||
| 300 |
_ax, 329 p. ; _c24 cm. |
||
| 500 | _aIncludes bibliographical references : p. 327-329. | ||
| 650 | _aEconometrics. | ||
| 700 | _aRay, Subhash C. | ||
| 907 |
_a.b10080648 _b29-09-05 _c07-07-03 |
||
| 003 | |||
| 005 | 20230123133321.0 | ||
| 040 | _cNUST | ||
| 942 |
_cBOOKS _kHB139 |
||
| 999 |
_c146500 _d146500 |
||